000
00305nam a22001457a 4500
020
_a
81-7807-044-8
082
_a
894.812.3
_b
WIL/A
100
_a
WILSON, SUDHA
245
_a
ANJUVINTE AAKASAM
260
_a
ALUVA
_b
PEN BOOKS LTD
_c
2001
300
_a
96
520
_a
NOVEL
650
_a
NOVEL
942
_c
BK
999
_c
5278
_d
5278